000 00593nam a2200193 i 4500
001 58981
003 ES-MaACL
005 20250818042551.0
007 t|
008 031027s1973 sp ||||1| spa d
245 0 0 _aEconomía y sociedad en los siglos XVIII Y XIX /
_cPierre Vilar ... [et al.].
260 _a[Salamanca] :
_bAnaya,
_c[1973]
300 _a132 p. ;
_c23 cm.
490 1 _aHistoria ibérica ;
_v1
700 1 _aVilar, Pierre,
_d1906-2003
_9114800
830 0 _aHistoria ibérica ;
_v1
_9230495
852 _aES-MaACL
_jC-54842
_bR.87645
999 _c58981
_d58981